Países con el nivel de IQ más bajo - Estadísticas

Estadísticas generales
  • Esta prueba ha sido intentada 51 veces
  • La puntuación promedio es 11 de 16
Estadísticas de respuestas
IQ Continente País % Correcto
73 África República del Congo
86%
65 África Republica Democrática del Congo
86%
77 África Zambia
77%
66 África Guinea
74%
72 África Kenia
74%
67 África Nigeria
74%
73 África Uganda
74%
63 África Etiopía
72%
72 África Sudán
72%
66 África Zimbabue
72%
71 África Ghana
67%
59 África Guinea Ecuatorial
67%
72 África Tanzania
63%
72 África Sudáfrica
60%
72 América del Norte Jamaica
58%
64 África Sierra Leona
58%
No se encontraron pruebas coincidentes
Distribución de puntuación
Porcentaje de gente con cada puntuación
Porcentaje por número respondido
Historial de tus puntuaciones
No has intentado esta prueba.